000 02231cam a22003378i 4500
999 _c3423
_d3423
001 ocn965617663
003 OCoLC
005 20170828153239.0
008 161207s2017 enk 001 0 eng
010 _a 2016056473
020 _a9781107193352
020 _a1107193354
035 _a(OCoLC)965617663
040 _aDLC
_beng
_erda
_cDLC
_dOCLCO
_dYDX
_dBTCTA
_dOCLCF
042 _apcc
049 _aTZAA
050 0 0 _aK3240
_b.H645 2017
082 0 0 _a323
_223
100 1 _aHopgood, Stephen,
_eauthor.
245 1 0 _aHuman rights futures /
_cStephen Hopgood (School of Oriental and African Studies, University of London), Jack Snyder (Columbia University, New York), Leslie Vinjamuri (School of Oriental and African Studies, University of London).
263 _a1704
300 _apages cm
500 _aIncludes index.
505 0 _aIntroduction : human rights past, present and future / Stephen Hopgood, Jack Snyder, and Leslie Vinjamuri -- Human rights data, processes, and outcomes : how recent research points to a better future / Geoffrey Dancy and Kathryn Sikkink -- Human rights and human welfare : looking for a 'dark side' to international human rights law / Beth A. Simmons and Anton Strezhnev -- Empowering rights through mass movements, religion, and reform parties / Jack Snyder -- Human rights backlash / Leslie Vinjamuri -- Human rights in areas of limited statehood : from the spiral model to localization and translation / Thomas Risse -- Grounding the backlash : regional security treaties, counternorms, and human rights in Eurasia / Alexander Cooley and Matthew Schaaf -- Governing religion as right / Elizabeth Shakman Hurd -- The vernacularization of women's human rights / Sally Engle Merry and Peggy Levitt -- Re-framing human rights advocacy : the rise of economic rights / Shareen Hertel -- Human rights and the crisis of liberalism / Samuel Moyn -- Human rights on the road to nowhere / Stephen Hopgood -- Conclusion : human rights futures / Stephen Hopgood, Jack Snyder, and Leslie Vinjamuri.
600 _2on order
650 0 _aHuman rights.
650 7 _aHuman rights.
_2fast
700 1 _aSnyder, Jack L.,
_eauthor.
700 1 _aVinjamuri, Leslie,
_eauthor.
942 _2lcc
_cBOOK